<?xml version="1.0" encoding="UTF-8"?>
<record
    xmlns:xsi="http://www.w3.org/2001/XMLSchema-instance"
    xsi:schemaLocation="http://www.loc.gov/MARC21/slim http://www.loc.gov/standards/marcxml/schema/MARC21slim.xsd"
    xmlns="http://www.loc.gov/MARC21/slim">

  <leader>00804nam a2200253 c 4500</leader>
  <datafield tag="999" ind1=" " ind2=" ">
    <subfield code="c">7323</subfield>
    <subfield code="d">7323</subfield>
  </datafield>
  <controlfield tag="001">a6752147</controlfield>
  <controlfield tag="003">SpMaBN</controlfield>
  <controlfield tag="005">20211222142615.0</controlfield>
  <controlfield tag="008">201127s2020    sp     | |||| 000 0 spa  </controlfield>
  <datafield tag="015" ind1=" " ind2=" ">
    <subfield code="a">MON20</subfield>
  </datafield>
  <datafield tag="020" ind1=" " ind2=" ">
    <subfield code="a">9788418240898</subfield>
  </datafield>
  <datafield tag="040" ind1=" " ind2=" ">
    <subfield code="a">SpMaBN</subfield>
    <subfield code="b">spa</subfield>
    <subfield code="c">SpMaBN</subfield>
    <subfield code="e">rda</subfield>
  </datafield>
  <datafield tag="100" ind1="1" ind2=" ">
    <subfield code="a">Tomeo Escuin, Carlos</subfield>
  </datafield>
  <datafield tag="245" ind1=" " ind2=" ">
    <subfield code="a">No nos hablen de fake news, llam&#xE9;moslo por su nombre, fake journalism by bought communicators &#xA1;no m&#xE1;s enga&#xF1;os!</subfield>
    <subfield code="c">/ Carlos Tomeo Escuin</subfield>
  </datafield>
  <datafield tag="260" ind1=" " ind2=" ">
    <subfield code="a">[Madrid]:</subfield>
    <subfield code="b">Letrame, </subfield>
    <subfield code="c">2020</subfield>
  </datafield>
  <datafield tag="300" ind1=" " ind2=" ">
    <subfield code="a">83 p&#xE0;gines; </subfield>
    <subfield code="c">24 cm</subfield>
  </datafield>
  <datafield tag="490" ind1="0" ind2=" ">
    <subfield code="a">Reflexi&#xF3;n; </subfield>
    <subfield code="v">1</subfield>
  </datafield>
  <datafield tag="650" ind1=" " ind2="0">
    <subfield code="9">4796</subfield>
    <subfield code="a">Fake news</subfield>
  </datafield>
  <datafield tag="650" ind1=" " ind2="0">
    <subfield code="9">4286</subfield>
    <subfield code="a">Desinformaci&#xF3;</subfield>
  </datafield>
  <datafield tag="650" ind1=" " ind2="0">
    <subfield code="9">3243</subfield>
    <subfield code="a">Mitjans de comunicaci&#xF3; de massa</subfield>
    <subfield code="x">Manipulaci&#xF3;</subfield>
  </datafield>
  <datafield tag="650" ind1=" " ind2="0">
    <subfield code="9">3219</subfield>
    <subfield code="a">Periodisme</subfield>
    <subfield code="x">Objectivitat</subfield>
  </datafield>
  <datafield tag="901" ind1=" " ind2=" ">
    <subfield code="a">"ISBN"</subfield>
  </datafield>
  <datafield tag="942" ind1=" " ind2=" ">
    <subfield code="2">udc</subfield>
    <subfield code="c">MON</subfield>
  </datafield>
  <datafield tag="952" ind1=" " ind2=" ">
    <subfield code="0">0</subfield>
    <subfield code="1">0</subfield>
    <subfield code="4">0</subfield>
    <subfield code="7">0</subfield>
    <subfield code="a">CDMR</subfield>
    <subfield code="b">CDMR</subfield>
    <subfield code="d">2021-04-06</subfield>
    <subfield code="g">12.00</subfield>
    <subfield code="l">0</subfield>
    <subfield code="o">Ck 3/30</subfield>
    <subfield code="p">CDMR21040001</subfield>
    <subfield code="r">2021-04-06</subfield>
    <subfield code="w">2021-04-06</subfield>
    <subfield code="y">MON</subfield>
  </datafield>
</record>
